| 000 | 01517nam a2200277 i 4500 | ||
|---|---|---|---|
| 001 | 39463 | ||
| 003 | ES-MaACL | ||
| 005 | 20251014063105.0 | ||
| 007 | t| | ||
| 008 | 030303s1918 sp f |||| | spa d | ||
| 100 | 1 |
_aCanella y Secades, Fermín, _d1849-1924 _934478 |
|
| 245 | 1 | 3 |
_aDe Covadonga (contribución al XII centenario) / _cFermín Canella y Secades. |
| 260 |
_aMadrid : _b[s.n.], _c1918 ( _fEstab. Tip. de Jaime Ratés) |
||
| 300 |
_a395 p., [17] h. de lám. ; _c21 cm. |
||
| 500 | _aIncluye en p.[169]-196: Noticia de la antigüedad y situación del Santuario de Santa Maria de Cobadonga en el Principado de Asturias, con las del cronista Ambrosio de Morales en su viaje santo. | ||
| 504 | _aBibliografía: p. [287]-333. | ||
| 530 | _aDisponible en formato digital. | ||
| 534 |
_pReprod. de. _tNoticia de la antigüedad y situación del Santuario de Santa Maria de Cobadonga en el Principado de Asturias, con las del cronista Ambrosio de Morales en su viaje santo, _cEn Barcelona : por Francisco Suriá y Brugada, Imp. de la Real Junta Superior de Gobierno, [1778] |
||
| 610 | 1 | 4 |
_aSantuario de Nuestra Señora de Covadonga- _xHistoria. _9134842 |
| 650 | 4 |
_aBatalla de Covadonga, 718- _vAniversarios y centenarios. _9170579 |
|
| 650 | 4 |
_aVirgen de Covadonga. _9159010 |
|
| 852 |
_aES-MaACL _jF-1875 _cDEPO2 _zRevisado enlace: 9 de julio de 2025 |
||
| 856 | 4 |
_uhttp://bdh-rd.bne.es/viewer.vm?id=0000196628&page=1 _yBiblioteca Digital Hispánica |
|
| 942 | _2udc | ||
| 999 |
_c39463 _d39463 |
||